Taylor Swift - Track 16 - Statistiques

Statistiques générales
  • Ce quiz a été pris 49 fois
    40 depuis la dernière actualisation
  • Le résultat moyen est 8 sur 9
Statistiques - réponses
Hint Réponse % Correct
1989 (Taylor's Version) New Romantics
100%
folklore hoax
96%
Lover Me!
96%
evermore right where you left me
96%
The Tortured Poets Department Clara Bow
91%
Midnights Paris
87%
Speak Now (Taylor's Version) Superman
87%
Fearless (Taylor's Version) Forever & Always
83%
Red (Taylor's Version) Begin Again
74%
Aucun quiz correspondant
Distribution des résultats
% des personnes avec chaque résultat
Percentile par nombre de réponses
Votre historique - résultats
Vous n’avez pas pris ce quiz depuis la dernière actualisation